000 00636nam a2200205 a 4500
001 000009547
005 20240927073746.0
008 090930s1996 dr ac 001 p spa d
040 _aDO-SdBNP
_bspa
_cBNPHU
082 _aRD861.44
_bB171v, 1996
100 1 _a Balaguer, Joaquín,
_d1906-2002
_976556
245 1 3 _aLa venda transparente /
_cJoaquín Balaguer.
250 _a6a ed.
260 _aSanto Domingo :
_bCorripio,
_c1996.
300 _a196 p. :
_bil., retr. ;
_c22 cm.
590 _aInventariado, 2018/LP
650 0 _aPoesía dominicana
_966
650 0 _aLiteratura dominicana.
_967
910 _aValidado. Control de calidad MFF
999 _c9307
_d9307